Triết học Mỹ

Bewaard in:
Bibliografische gegevens
Hoofdauteur: Bùi, Đăng Duy
Formaat: Boek
Taal:Undetermined
Gepubliceerd in: Thành phố Hồ Chí Minh Tổng hợp Thành phố Hồ Chí Minh 2006
Onderwerpen:
Tags: Voeg label toe
Geen labels, Wees de eerste die dit record labelt!
Thư viện lưu trữ: Trung tâm Học liệu Trường Đại học Cần Thơ
LEADER 00578nam a2200193Ia 4500
001 CTU_101276
008 210402s9999 xx 000 0 und d
020 |c 45000 
082 |a 191 
082 |b D523 
100 |a Bùi, Đăng Duy 
245 0 |a Triết học Mỹ 
245 0 |c Bùi Đăng Duy, Nguyễn Tiến Dũng 
260 |a Thành phố Hồ Chí Minh 
260 |b Tổng hợp Thành phố Hồ Chí Minh 
260 |c 2006 
650 |a Philosophy, american 
904 |i Minh 
980 |a Trung tâm Học liệu Trường Đại học Cần Thơ